000 00787nam a2200253Ia 4500
003 OSt
005 20220918171237.0
006 a|||||r|||| 00| 0
007 ta
008 220917b |||||||| |||| 00| 0 eng d
020 _a9781442243903 (pbk)
_c2892.86
024 _a289,908
037 _b1184, 28/03/2016, Bright Book Service
_cTextual
040 _aARTS
_cARTS
_beng
041 _2eng
_aeng
082 _a2:(D65,8(B)), Q5
100 _aWillse Elizabeth
_935046
245 0 _aUsing tablets and apps in libraries
260 _aNew York
_bRowman and Littlefield U.S.A
_c2015
300 _axv, 139p.
_ccm.
650 _aLIBRARY SCIENCE
942 _h2:(D65,8(B)), Q5
_cTEXL
_2CC
999 _c138551
_d138551